Letná škola v Litve na Mykolas Romeris University vo Vilniuse

Informácia o programe letnej školy, ktorá sa konala v termíne 8.-21. júla 2012

Guardado en:
Detalles Bibliográficos
Autor principal: Vojtková, Mária
Otros Autores: Habrman, Michal, Vongrej, Marián
Formato: Capítulo de libro
Lenguaje:eslovaco
Materias:
Etiquetas: Agregar Etiqueta
Sin Etiquetas, Sea el primero en etiquetar este registro!

MARC

LEADER 00000naa a2200000 4500
001 0161311
005 20240502072811.3
041 0 |a slo 
044 |a SK 
245 1 0 |a Letná škola v Litve na Mykolas Romeris University vo Vilniuse  |c Mária Vojtková, Michal Habrman, Marián Vongrej 
520 |a Informácia o programe letnej školy, ktorá sa konala v termíne 8.-21. júla 2012 
610 2 0 |a Slovensko 
610 2 0 |a prednášky 
610 2 0 |a školy vysoké 
610 2 0 |a vzdelávanie vysokoškolské 
610 2 0 |a Poľsko 
610 2 0 |a Litva 
100 1 |a Vojtková, Mária 
700 1 |a Habrman, Michal 
700 1 |a Vongrej, Marián